000 00522nam a2200181Ia 4500
005 20250923150352.0
008 008 250917s9999 xx 000 0 eng d
037 _aTextual
040 _aDSWL
_beng
_cDSWL
041 _aeng
_2eng
084 _aY11(SN1), Q9
_qDSWL
100 _aSukhramani, Neelam
_9845201
245 0 _aChildren of incarcerated parents
_cby Neelam Sukhramani
260 _aNew Delhi
_bBloomstay
_c2019
300 _a102 p.
942 _cTEXL
_hY11(SN1), Q9
999 _c1462716
_d1462716